| 000 -LEADER |
| fixed length control field |
00299nam a22001217a 4500 |
| 008 - FIXED-LENGTH DATA ELEMENTS--GENERAL INFORMATION |
| fixed length control field |
260311b ||||| |||| 00| 0 eng d |
| 041 ## - LANGUAGE CODE |
| Language code of text/sound track or separate title |
eng |
| 080 ## - UNIVERSAL DECIMAL CLASSIFICATION NUMBER |
| Field link and sequence number |
2.1 |
| Universal Decimal Classification number |
2.1 |
| 100 ## - Rafti |
| Rafti |
20.10 |
| 101 ## - Shkurtesa |
| Shkurtesa |
Instituti shkencor |
| 245 ## - TITLE STATEMENT |
| Title |
Instituti për kërkime shkencore dhe Zhvillimi |
| 942 ## - ADDED ENTRY ELEMENTS (KOHA) |
| Source of classification or shelving scheme |
|
| Item type |
Books |